|
|
|
|
| LEADER |
00884cam a2200229 7i4500 |
| 001 |
0000041206 |
| 005 |
20170218090000.0 |
| 020 |
|
|
|a 9781597496131 (pbk.)
|
| 090 |
0 |
0 |
|a HV6773
|b .G73 2011
|
| 100 |
1 |
|
|a Gragido, Will
|
| 245 |
1 |
0 |
|a Cybercrime and espionage :
|b an analysis of subversive multivector threats
|c Will Gragido, John Pirc ; Russ Rogers, technical editor.
|
| 260 |
|
|
|a Amsterdam:
|b Elsevier/Syngress,
|c 2011.
|
| 300 |
|
|
|a xv, 254 p.:
|b ill.;
|c 24 cm.
|
| 650 |
0 |
0 |
|a Computer crimes --
|x Prevention
|
| 650 |
0 |
0 |
|a Threats --
|x Safety measures
|
| 650 |
0 |
0 |
|a Espionage
|
| 650 |
0 |
0 |
|a Security systems
|
| 700 |
1 |
|
|a Pirc, John
|
| 700 |
1 |
|
|a Rogers, Russ
|
| 997 |
|
|
|a Communication, Visual Art & Computing, Faculty
|b Computing, Department
|
| 998 |
|
|
|a Computer Science (Network Security and Digital Forensic), Degree
|
| 999 |
|
|
|a 0000050604
|b BOK
|c OPEN SHELF
|e 1st Floor, Bestari Jaya
|